Normal view
MARC view
- Political science
Entry Genre/Form Term
001 - CONTROL NUMBER
- control field: 95362
003 - CONTROL NUMBER IDENTIFIER
- control field: NUST
005 - DATE AND TIME OF LATEST TRANSACTION
- control field: 20220726162826.0
008 - FIXED-LENGTH DATA ELEMENTS
- fixed length control field: 220726|| aca||aabn | a|a d
040 ## - CATALOGING SOURCE
- Original cataloging agency: NUST
- Transcribing agency: NUST
155 ## - HEADING--GENRE/FORM TERM
- Genre/form term: Political science
670 ## - SOURCE DATA FOUND
- Source citation: Work cat.: (NUST)0: Wright, Lawrence, 1947- author. 95351, The plague year :
